Musnad al-Imām Zayd, (Record no. 49454)

MARC details
000 -LEADER
fixed length control field 00683cam a22002411 4500
001 - CONTROL NUMBER
control field ne 67000488
003 - CONTROL NUMBER IDENTIFIER
control field DLC
005 - DATE AND TIME OF LATEST TRANSACTION
control field 20260227111830.0
008 - FIXED-LENGTH DATA ELEMENTS--GENERAL INFORMATION
fixed length control field 810922s1966 le 000 0 ara
010 ## - LIBRARY OF CONGRESS CONTROL NUMBER
LC control number ne 67000488
025 ## - OVERSEAS ACQUISITION NUMBER
Overseas acquisition number PL480:UAR-7819
035 ## - SYSTEM CONTROL NUMBER
System control number (OCoLC)7782745
040 ## - CATALOGING SOURCE
Original cataloging agency DLC
Transcribing agency TU
Modifying agency TU
-- DLC
042 ## - AUTHENTICATION CODE
Authentication code premarc
050 00 - LIBRARY OF CONGRESS CALL NUMBER
Classification number BP135.A2
Item number Z3
100 0# - MAIN ENTRY--PERSONAL NAME
Personal name Zayd ibn ʻAlī,
Dates associated with a name -740.
245 10 - TITLE STATEMENT
Title Musnad al-Imām Zayd,
Statement of responsibility, etc. li-Zayd ibn Alī ibn al-Husayn ibn ʻAlī ibn Abī Ṭalib.
260 ## - PUBLICATION, DISTRIBUTION, ETC.
Place of publication, distribution, etc. [Bayrūt],
Name of publisher, distributor, etc. Dār Maktabat al-Hayat
Date of publication, distribution, etc. [1966]
300 ## - PHYSICAL DESCRIPTION
Extent 518 p.
Dimensions 25 cm.
500 ## - GENERAL NOTE
General note Cover title: Musnad al-Imam Zayd.
650 #0 - SUBJECT ADDED ENTRY--TOPICAL TERM
Topical term or geographic name entry element Hadith.
650 #0 - SUBJECT ADDED ENTRY--TOPICAL TERM
Topical term or geographic name entry element Zaydīs.

No items available.

Powered by Koha